Strategický pohľad zainteresovaných účastníkov organizácie

Analýza úlohy zamestnancov pri organizačnom zlepšení. Zainteresovaní účastníci organizácie. Nový súbor noriem ISO 9000 sa sústreďuje na koncepciu zainteresovaných účastníkov, hlavne v norme ISO 90004 na zlepšovanie výkonnosti. Vzniká otázka, či chápe podnikateľské spoločenstvo modely hľadiska zainte...

Descripción completa

Guardado en:
Detalles Bibliográficos
Autor principal: Conti, Tito
Otros Autores: Pijáková, Eva
Formato: Capítulo de libro
Lenguaje:eslovaco
Materias:
Etiquetas: Agregar Etiqueta
Sin Etiquetas, Sea el primero en etiquetar este registro!

MARC

LEADER 00000naa$a2200000$$$4500
001 0012745
005 20231011134617.3
041 0 |a slo 
044 |a SK 
245 1 0 |a Strategický pohľad zainteresovaných účastníkov organizácie 
520 |a Analýza úlohy zamestnancov pri organizačnom zlepšení. Zainteresovaní účastníci organizácie. Nový súbor noriem ISO 9000 sa sústreďuje na koncepciu zainteresovaných účastníkov, hlavne v norme ISO 90004 na zlepšovanie výkonnosti. Vzniká otázka, či chápe podnikateľské spoločenstvo modely hľadiska zainteresovaných účastníkov ISO a TQM so všetkými dôsledkami. Článok rozoberá tieto otázky. Zainteresovaný účastník je hromadný pojem používaný na identifikovanie zainteresovaných strán v ktorejkoľvek organizácii. Politika manažérstva zainteresovaných účastníkov. Zainteresovaní účastníci sa odlišujú od zákazníkov. Akcionár - systém sa sústreďuje na podnik. Zainteresovaní účastníci ako strategické aktíva. 
610 2 0 |a ciele podnikové 
610 2 0 |a etika podniková 
610 2 0 |a kvalita 
610 2 0 |a modely 
610 2 0 |a organizácie 
610 2 0 |a rady správne 
610 2 0 |a stratégia podniková 
610 2 0 |a zamestnanci 
610 2 0 |a zlepšovateľstvo 
100 1 |a Conti, Tito 
700 1 |a Pijáková, Eva